| 000 | 00391nam a2200133Ia 4500 | ||
|---|---|---|---|
| 005 | 20251222143140.0 | ||
| 008 | 251222s9999||||xx |||||||||||||| ||spa|| | ||
| 020 | _a987-538-137-3 | ||
| 082 | _a371.912/V39 | ||
| 100 | _aVeinberg, Silvana | ||
| 245 | 0 | _aEstrategias de Prealfabetización para Niños Sordos | |
| 264 | _bCentro de Publicaciones Educativas y Material Didáctica | ||
| 942 | _cLIB | ||
| 999 |
_c12265 _d12265 |
||